000
00333nam a2200133Ia 4500
008
220216s9999 xx 000 0 und d
100
_a
Joseph M O
245
0
_a
Expansion of rubber plantation in Assam
260
_b
Rubber Board Bulletin
_c
1987
300
_a
4-Mar
650
_a
Assam
650
_a
Rubber cultivation
942
_c
JS
999
_c
59094
_d
59094